第65回桜花賞 出走馬 - Statistics

General Stats
  • This quiz has been taken 6 times
  • The average score is 6 of 18
Answer Stats
着順 枠番 馬番 馬名 性齢 騎手名 単勝
人気
% Correct
1 8 17 ラインクラフト 牝3 福永祐一 2
100%
2 4 7 シーザリオ 牝3 吉田稔 1
100%
3 5 9 デアリングハート 牝3 M.デムーロ 10
83%
4 7 15 エアメサイア 牝3 武豊 3
83%
5 3 6 ダンツクインビー 牝3 小牧太 14
17%
6 4 8 エイシンテンダー 牝3 武幸四郎 5
17%
7 3 5 ジョウノビクトリア 牝3 横山典弘 12
17%
8 2 3 エリモファイナル 牝3 岩田康誠 11
17%
9 1 1 アドマイヤメガミ 牝3 池添謙一 9
17%
10 8 16 モンローブロンド 牝3 佐藤哲三 15
17%
11 1 2 ペニーホイッスル 牝3 柴田善臣 8
17%
12 6 11 ライラプス 牝3 藤田伸二 6
17%
13 8 18 ショウナンパントル 牝3 吉田豊 7
17%
14 7 14 アンブロワーズ 牝3 四位洋文 4
17%
15 6 12 カシマフラワー 牝3 松永幹夫 17
17%
16 5 10 テイエムチュラサン 牝3 田嶋翔 18
17%
17 2 4 マイネコンテッサ 牝3 松岡正海 16
17%
18 7 13 フェリシア 牝3 幸英明 13
17%
No matching quizzes found
Score Distribution
Percent of People with Each Score
Percentile by Number Answered
Your Score History
You have not taken this quiz